Current Situation in Co-operative Entrepreneurship in Slovakia

Analýza vývoja kooperácie podnikania na Slovensku. Globalizácia a formy kooperácie. Organizačná štruktúra riadenia kooperácie.

Salvato in:
Dettagli Bibliografici
Autore principale: Šúbertová, Elena
Natura: Capitolo di libro
Lingua:inglese
Soggetti:
Tags: Aggiungi Tag
Nessun Tag, puoi essere il primo ad aggiungerne!!

MARC

LEADER 00000naa$a2200000$$$4500
001 0065180
005 20240502083157.3
041 0 |a eng 
044 |a LT 
245 1 0 |a Current Situation in Co-operative Entrepreneurship in Slovakia  |c Elena Šúbertová 
520 |a Analýza vývoja kooperácie podnikania na Slovensku. Globalizácia a formy kooperácie. Organizačná štruktúra riadenia kooperácie. 
610 2 0 |a podnik 
610 2 0 |a podnikanie 
610 2 0 |a Slovensko 
610 2 0 |a spolupráca podnikov 
610 2 0 |a globalizácia 
610 2 0 |a kooperácia medzipodniková 
610 2 0 |a manažment 
610 2 0 |a výroba poľnohospodárska 
610 2 0 |a Európska únia 
100 1 |a Šúbertová, Elena